[Event "Yeovil op"]
[Site "Yeovil"]
[Date "2007.06.15"]
[Round "1"]
[White "Allen, Timothy S"]
[Black "Runnacles, Paul"]
[Result "1/2-1/2"]
[WhiteElo "1424"]
[BlackElo "1568"]
[PlyCount "58"]
[EventDate "2007.06.15"]
[EventType "swiss"]
[EventRounds "5"]
[EventCountry "ENG"]
[SourceTitle "CBM 119 Extra"]
[Source "ChessBase"]
[SourceDate "2007.09.04"]
[SourceVersion "1"]
[SourceVersionDate "2007.09.04"]
[SourceQuality "1"]

1. e4 e6 2. d4 d5 3. Nc3 Nf6 4. Bg5 dxe4 5. Nxe4 Be7 6. Nxf6+ Bxf6 7. Bxf6 Qxf6 8. Nf3 0-0 9. Bd3 Nd7 10. 0-0 e5 11. c3 exd4 12. Nxd4 a6 13. Qc2 h6 14. Rfe1 Nc5 15. Be2 c6 16. Bf3 Ne6 17. Qf5 Qg5 18. Qxg5 Nxg5 19. Re7 Rb8 20. Bd1 c5 21. Nf3 Ne6 22. Ne5 b5 23. Bf3 Nd8 24. Rd1 Be6 25. Nd7 Bxd7 26. Rdxd7 Rb6 27. Bd5 Rf6 28. Kf1 Nc6 29. Bxc6 Rxc6 1/2-1/2